000 00445nam a2200157Ia 4500
003 GCL
008 140319s9999 xx 000 0 ara d
040 _aGCL /
_cGCL
082 0 4 _aد
_b050
100 1 _aعبدالغفار مكاوى
245 1 0 _aابن السلطان ( اقرا 297 ) /
_cعبدالغفار مكاوى
490 _aوثائق ونصوص
_v0
650 0 4 _aالقصص القصيرة
650 0 4 _aالقصص
942 _2ddc
_cCF
999 _c27196
_d27196